Higher education in France, (Record no. 22192)
[ view plain ]
| 000 -LEADER | |
|---|---|
| fixed length control field | 01052cam a22002651 4500 |
| 001 - CONTROL NUMBER | |
| control field | e 53000012 |
| 003 - CONTROL NUMBER IDENTIFIER | |
| control field | DLC |
| 005 - DATE AND TIME OF LATEST TRANSACTION | |
| control field | 20260227111235.0 |
| 008 - FIXED-LENGTH DATA ELEMENTS--GENERAL INFORMATION | |
| fixed length control field | 800616s1952 dcu f000 0 eng c |
| 010 ## - LIBRARY OF CONGRESS CONTROL NUMBER | |
| LC control number | e 53000012 |
| 035 ## - SYSTEM CONTROL NUMBER | |
| System control number | (OCoLC)6427272 |
| 040 ## - CATALOGING SOURCE | |
| Original cataloging agency | U.S. Office of Education. Library |
| Transcribing agency | TxU |
| Modifying agency | DLC |
| 042 ## - AUTHENTICATION CODE | |
| Authentication code | premarc |
| 050 00 - LIBRARY OF CONGRESS CALL NUMBER | |
| Classification number | L111 |
| Item number | .A6 1952, no. 6 |
| 051 ## - LIBRARY OF CONGRESS COPY, ISSUE, OFFPRINT STATEMENT | |
| Classification number | LA699 |
| Item number | .K3 |
| 082 ## - DEWEY DECIMAL CLASSIFICATION NUMBER | |
| Classification number | 378.44 |
| 100 1# - MAIN ENTRY--PERSONAL NAME | |
| Personal name | Kahler, Edith. |
| 245 10 - TITLE STATEMENT | |
| Title | Higher education in France, |
| Remainder of title | a handbook of information concerning fields of study in each institution. |
| 260 ## - PUBLICATION, DISTRIBUTION, ETC. | |
| Place of publication, distribution, etc. | [Washington] |
| Name of publisher, distributor, etc. | Federal Security Agency, Office of Education |
| Date of publication, distribution, etc. | [1952] |
| 300 ## - PHYSICAL DESCRIPTION | |
| Extent | viii, 50 p. |
| Dimensions | 23 cm. |
| 410 10 - SERIES STATEMENT/ADDED ENTRY--CORPORATE NAME [OBSOLETE, CAN/MARC], [LOCAL, USA] | |
| Corporate name or jurisdiction name as entry element | United States. |
| Subordinate unit | Office of Education. |
| Title of a work | Bulletin, |
| Date of a work | 1952, |
| Volume number/sequential designation | no. 6 |
| 501 ## - WITH NOTE | |
| With note | Copies 1 and 2 of L111.A6 with: Know your school law / Ward W. Keesecker. Washington : Govt. Print. Off., 1952. Bound together subsequent to publication. |
| Institution to which field applies | DLC |
| 650 #0 - SUBJECT ADDED ENTRY--TOPICAL TERM | |
| Topical term or geographic name entry element | Education |
| Geographic subdivision | France |
| General subdivision | History |
| Chronological subdivision | 20th century. |
| 650 #0 - SUBJECT ADDED ENTRY--TOPICAL TERM | |
| Topical term or geographic name entry element | Universities and colleges |
| General subdivision | Curricula |
| Geographic subdivision | France. |
No items available.